000 01359nam0a2200313 4500
001 RU\NLR\bibl\184178
005 20250618063812.0
010 _a5-900261-81-6
_9450
035 _a(NLR Aleph) 000180771
090 _a1043606
_c1043606
100 _a20010919d1999 |||y0rusy50 ca
101 0 _arus
_aeng
102 _aRU
105 _ay |||||||||
200 1 _aФормирование фонда устойчивых словосочетаний в языке газетной передовицы американской прессы 1970-1990-х годов
_fФедоров В.В.
_gКамч. гос. пед. ин-т
210 _aПетропавловск-Камчатский
_cИзд-во КГПИ
_d1999
215 _a86 с.
_d20
320 _aБиблиогр.: с. 52-65 (212 назв.)
606 0 _aГазеты
_xЯзык и стиль
_yСоединенные Штаты Америки
_91336564
_3RU\NLR\auth\66241690
606 0 _aАнглийский язык
_xСловосочетание
_9974919
_3RU\NLR\auth\6647392
606 0 _aАнглийский язык
_xСтилистика
_9977129
_3RU\NLR\auth\6648589
686 _aШ143.21-70
686 _aЧ612.174.235
700 1 _aФедоров
_bВ. В.
_4070
801 0 _aRU
_bNLR
_c20010919
_gPSBO
801 1 _aRU
_bNLR
_c20010919
942 _cBOOK
980 _aNB